Civil rights and job training : hearing before the Subcommittee on Employment Opportunities of the Committee on Education and Labor, House of Representatives, Ninety-ninth Congress, first session, hearing held in Los Angeles, CA, November 22, 1985.

Bibliographic Details
Corporate Author: United States. Congress. House. Committee on Education and Labor. Subcommittee on Employment Opportunities (Author)
Format: Government Document eBook
Language:English
Published: Washington : U.S. Government Printing Office, 1986.
Series:U.S. Congressional documents. Congressional hearings.
Civil rights and social justice.
Subjects:
Online Access:Connect to the full text of this electronic book

MARC

Tag First Indicator Second Indicator Subfields
LEADER 00000cam a2200000 i 4500
001 in00004399021
005 20210422112120.0
006 m fo d f
007 cr bn nnnauuuu
008 171002s1986 dcu ob f000 0 eng d
035 |a ccn00826924 
040 |a NjRocCCS  |b eng  |e rda  |c NjRocCCS  |d UtOrBLW 
043 |a n-us-ca 
050 4 |a KF27  |b .E3366 1985g 
074 |a 1015-A 
086 0 |a Y 4.ED 8/1:99-73 
110 1 |a United States.  |b Congress.  |b House.  |b Committee on Education and Labor.  |b Subcommittee on Employment Opportunities,  |e author.  |0 http://id.loc.gov/authorities/names/n77011168 
245 1 0 |a Civil rights and job training :  |b hearing before the Subcommittee on Employment Opportunities of the Committee on Education and Labor, House of Representatives, Ninety-ninth Congress, first session, hearing held in Los Angeles, CA, November 22, 1985. 
264 1 |a Washington :  |b U.S. Government Printing Office,  |c 1986. 
264 2 |a [Getzville, New York] :  |b William S. Hein and Company,  |c [2017] 
300 |a 1 online resource (iii, 109 pages). 
336 |a text  |b txt  |2 rdacontent 
337 |a computer  |b c  |2 rdamedia 
338 |a online resource  |b cr  |2 rdacarrier 
490 1 |a HeinOnline U.S. Congressional documents. Congressional hearings 
490 1 |a HeinOnline civil rights and social justice 
588 |a Description based on PDF title page, viewed October 2, 2017. 
500 |a "Serial number 99-73." 
504 |a Includes bibliographical references. 
650 0 |a Occupational training  |x Government policy  |z California. 
650 0 |a Affirmative action programs  |x Government policy  |z California. 
650 0 |a Discrimination in employment  |z California. 
655 7 |a Electronic books.  |2 local 
655 7 |a Legislative hearings.  |2 lcgft  |0 http://id.loc.gov/authorities/genreForms/gf2013025047 
776 0 8 |c Original  |w (DLC) 86601476 
830 0 |a U.S. Congressional documents.  |p Congressional hearings. 
830 0 |a Civil rights and social justice. 
856 4 0 |u http://proxy.library.tamu.edu/login?url=https://www.heinonline.org/HOL/Page?handle=hein.cbhear/cvrijobt0001&id=1&size=2&collection=civil&index=civil  |z Connect to the full text of this electronic book  |t 0 
949 |a KF 27 .E3366 1985g  |w LC  |c 1  |i 826924-1001  |d 9/14/2020  |l MAIN  |m HEN  |q 1  |r Y  |s Y  |t WEB  |u 10/2/2017  |x ENG  |z N-US-CA 
999 f f |s f40bff06-6c9e-3469-909d-2d648df6031e  |i 287263ab-bee0-3566-810c-0d5215048fec  |t 0 
952 f f |a Texas A&M University  |b College Station  |c Electronic Resources  |d Available Online  |t 0  |e KF27 .E3366 1985g  |h Library of Congress classification 
998 f f |a KF27 .E3366 1985g  |t 0  |l Available Online